Autonomy and self - government in international law (Record no. 11274)

000 -LEADER
fixed length control field 00331pab a2200133 454500
008 - FIXED-LENGTH DATA ELEMENTS--GENERAL INFORMATION
fixed length control field 180718b1984 xxu||||| |||| 00| 0 eng d
100 ## - MAIN ENTRY--PERSONAL NAME
Personal name Hannum, Hurst
245 ## - TITLE STATEMENT
Title Autonomy and self - government in international law
260 ## - PUBLICATION, DISTRIBUTION, ETC.
Date of publication, distribution, etc. 1984
300 ## - PHYSICAL DESCRIPTION
Extent 53-6
650 ## - SUBJECT ADDED ENTRY--TOPICAL TERM
Topical term or geographic name entry element International Law
773 ## - HOST ITEM ENTRY
Main entry heading Development
909 ## -
-- 11274
Holdings
Withdrawn status Lost status Damaged status Not for loan Permanent Location Current Location Date acquired Serial Enumeration / chronology Barcode Date last seen Price effective from Koha item type
        Indian Institute of Public Administration Indian Institute of Public Administration 2018-07-19 Issue no: 3 AR11315 2018-07-19 2018-07-19 Articles

Powered by Koha